000
00245 a2200097 4500
001
51375
100
_a
Khalid Mehmood Arif
245
_a
Introduction to Computers Data Processing
260
_a
New York
_b
Holt Saunders
_c
090
_c
32565
_d
32565
942
_a
NUST-CAE
_c
M
_c
25075
999
_c
286448
_d
286448